| 000 | 00418nam a2200157Ia 4500 | ||
|---|---|---|---|
| 005 | 20240607021741.0 | ||
| 008 | 240331s9999 xx 000 0 und d | ||
| 082 |
_bOUR _a362 |
||
| 100 | _aSAARC. ed | ||
| 245 | 0 |
_aOur future our responsibility : _broad map towards a poverty free South Asia (Report) |
|
| 260 |
_bSAARC _c2003 |
||
| 300 | _a112 p., | ||
| 650 | _aPoverty | ||
| 650 | _aPoverty Alleviation | ||
| 942 | _cL | ||
| 999 |
_c2906 _d2906 |
||